University Home | Library Home | Institutional Repository

Zambia community health scorecard guidelines for social accountability : (Record no. 216495)

MARC details
000 -LEADER
fixed length control field 00592nam a22001577a 4500
005 - DATE AND TIME OF LATEST TRANSACTION
control field 20260326164033.0
008 - FIXED-LENGTH DATA ELEMENTS--GENERAL INFORMATION
fixed length control field 260326b ||||| |||| 00| 0 eng d
040 ## - CATALOGING SOURCE
Original cataloging agency LC
Transcribing agency UNZA
Modifying agency UNZA
Description conventions RDA
050 ## - LIBRARY OF CONGRESS CALL NUMBER
Classification number GOV.ZAM (02) n.d.
110 ## - MAIN ENTRY--CORPORATE NAME
Corporate name or jurisdiction name as entry element Zambia. Ministry of health
245 ## - TITLE STATEMENT
Title Zambia community health scorecard guidelines for social accountability :
Remainder of title "where communities have their say" /
Statement of responsibility, etc. Zambia. Ministry of health
260 ## - PUBLICATION, DISTRIBUTION, ETC.
Place of publication, distribution, etc. Lusaka:
Name of publisher, distributor, etc. Ministry of health,
Date of publication, distribution, etc. n.d.
300 ## - PHYSICAL DESCRIPTION
Extent vi, 26 pages:
Other physical details illustrations.
650 ## - SUBJECT ADDED ENTRY--TOPICAL TERM
Topical term or geographic name entry element Community health scorecard guidelines
Geographic subdivision Zambia
999 ## -
-- 216495
-- 216495
942 ## - ADDED ENTRY ELEMENTS (KOHA)
Koha item type Government Publications
Holdings
Withdrawn status Lost status Source of classification or shelving scheme Damaged status Not for loan Home library Current library Shelving location Date acquired Total Checkouts Full call number Barcode Date last seen Copy number Price effective from Koha item type
    Library of Congress Classification     Main Library Main Library Special collections 03/26/2026   GOV.ZAM (02) n.d. 33729006800168 03/26/2026 C.1 03/26/2026 Government Publications
© 2026 - The University of Zambia Library - Koha v25.11